Missing links (Record no. 246485)
[ view plain ]
| 000 -LEADER | |
|---|---|
| fixed length control field | 01854nam a2200469Ia 4500 |
| 082 04 - DEWEY DECIMAL CLASSIFICATION NUMBER | |
| Classification number | 599.88096721 |
| 100 1# - MAIN ENTRY--AUTHOR NAME | |
| Personal name | Rich, Jeremy |
| 245 10 - TITLE STATEMENT | |
| Title | Missing links |
| 260 ## - PUBLICATION, DISTRIBUTION, ETC. (IMPRINT) | |
| Place of publication | Athens : |
| Name of publisher | University of Georgia Press, |
| Year of publication | c2012. |
| 300 ## - PHYSICAL DESCRIPTION | |
| Number of Pages | xi, 220 p. : |
| Other physical details | ill., map. |
| 490 1# - SERIES STATEMENT | |
| Series statement | Race in the Atlantic world, 1700-1900 |
| 650 #0 - SUBJECT ADDED ENTRY--TOPICAL TERM | |
| Topical Term | Primatologists |
| Topical Term | Apes |
| Topical Term | Apes |
| Topical Term | Apes |
| Topical Term | Americans |
| Topical Term | Racism |
| Topical Term | Africans |
| Topical Term | Human-animal relationships |
| 856 40 - ELECTRONIC LOCATION AND ACCESS | |
| Uniform Resource Identifier | http://site.ebrary.com/lib/rucke/Doc?id=10539271 |
No items available.
